Statistics for Greek Tragedy - The Wombats lyrics

Click here to take the quiz!

General Stats

  • This quiz has been taken 83 times
    (81 since last reset)
  • The average score is 145 of 191

Answer Stats

Answer% Correct
this
97%
i
97%
a
95%
love
95%
me
94%
hate
94%
the
94%
so
94%
but
94%
on
94%
in
94%
feeling
92%
bars
91%
make
89%
pay
89%
part
89%
up
89%
we're
89%
smashing
89%
your
89%
half
89%
method
88%
bills
88%
late
88%
running
88%
mics
88%
acting
88%
she
86%
like
86%
to
86%
karaoke
86%
with
86%
want
85%
be
85%
our
85%
make up
85%
hit
83%
you're
82%
of
82%
might
80%
greek
80%
enough
80%
soon
80%
comes
78%
tragedy
78%
and
77%
it
77%
work
77%
hits
75%
bad
74%
is
74%
i'm
71%
fill
71%
wanted
71%
plans
71%
ecstasy
69%
chart
69%
out
68%
no
68%
just
68%
drew
68%
role
68%
here
68%
my
68%
different
66%
much
65%
loose
63%
it's
63%
not
62%
strong
62%
head
62%
sense
62%
bangs
62%
cheaper
58%
seats
58%
blades
58%
best
57%
oh
57%
are
57%
character's
57%
rotate
57%
start
54%
wants
54%
free
54%
home
54%
let
54%
say
54%
landing
52%
pad
52%
tired
52%
steps
51%
hot
51%
leave
51%
darling
51%
there's
51%
we'll
51%
said
49%
pursuit
49%
wrong
49%
cards
49%
falling
49%
waterslide
49%
really
49%
get
49%
as
48%
better
48%
cars
46%
they'll
46%
build
45%
surely
45%
flipping
43%
have
43%
tarot
42%
clearly
42%
worst
38%
penrose
35%

Score Distribution

Percentile by Number Answered

Percent of People with Each Score

Your Score History

You have not taken this quiz since the last reset